Slaw Canada’s Online Legal Magazine

Detalles Bibliográficos
Formato: eBook
Lenguaje:inglés
Publicado: [s.l] : [s.n], 2005 -
Materias:
Acceso en línea:Acceso restringido

MARC

LEADER 00000nam a22000007a 4500
005 20171009184320.0
007 cr|||| ||||
008 171009c20059999xxc|||| s|||| 0||| 1eng d
035 |a 20594 
040 |a vLex 
090 |c 7098  |d 7098 
245 0 0 |a Slaw  |h [Recurso electrn̤ico] :  |b Canada’s Online Legal Magazine 
256 |a Servicio en ln̕ea 
260 |a [s.l] :  |b [s.n],  |c 2005 -  
300 |a 1 recurso electrn̤ico 
506 |a Disponible solo en los productos indicados  |d vLex Global  |d vLex Global (Academic Edition, excluding Law Schools)  |d vLex Global (U.S. Academic Edition, Law Schools)  |d vLex Global (U.S. Academic Edition, excluding Law Schools)  |d vLex Global (Academic Edition, Law Schools) 
650 0 4 |a Derecho  |v Perid̤icos  |z Canad̀ 
740 0 |a vLex Revistas (Servicio en ln̕ea) 
856 4 0 |u http://vlex.com/source/20594  |z Acceso restringido 
942 |c REV 
999 0 0 |a Law--Newspapers-- Canada